| 000 | 02200nam a2200505 c 4500 | ||
|---|---|---|---|
| 999 |
_c85124 _d85124 |
||
| 003 | BLK | ||
| 005 | 20241115123128.0 | ||
| 008 | 180408b bul|||||r ||||||| ||bul|| | ||
| 010 | _aKNG00089720000 | ||
| 020 | _a978-954-8190-63-3 | ||
| 040 | _aBLK | ||
| 041 |
_aBUL _cBUL |
||
| 072 | 7 |
_2bullib _aК _xКраезнание |
|
| 072 | 7 |
_2bullib _aРА _xРусенски автори |
|
| 080 |
_aТеатър. Сценично изкуство. Вж 725.82; 782; 82-2 _b792 _x(497.215)(093.3) _z792(497.215)(093.3) |
||
| 080 |
_aСценични работници. Професионални сцени и театрални артисти. Сценични директори. Сценични актьори, музиканти, представления _b792.071 _x(497.215)(092)(093.3) _z792.071(497.215)(092)(093.3) |
||
| 080 |
_aБиографии _b929 _x(497.215) _z929(497.215) |
||
| 100 |
_aГергицов, Крум Евлогиев _d1949- _gТеатровед, литературен критик. _9373646 |
||
| 139 |
_aГергицов, Крум _bГ 38 |
||
| 245 | 1 | 0 |
_aРусе - преживени театрални мигове _bСпомени, размисли и крит. наблюдения за театралния живот в Русе 1976-2008 _cКрум Гергицов. |
| 257 | _aBGR | ||
| 260 |
_bЛени-Ан _c2009 |
||
| 300 |
_a330 с. _bс ил. _c21 см |
||
| 380 | _a7 | ||
| 500 | _aОфс. изд. | ||
| 650 | 4 |
_aТеатър - България - история _9260534 |
|
| 650 | 4 |
_aАртисти, български - спомени _9250105 |
|
| 650 | 4 |
_aАктьори, български _9263862 |
|
| 651 | 4 |
_aРусе _9179462 |
|
| 651 | 4 |
_aБългария _9241624 |
|
| 653 | _aтеатър | ||
| 653 | _aартисти | ||
| 653 | _aактьори | ||
| 653 | _aтеатрални дейци | ||
| 653 | _aспомени | ||
| 659 | _aК | ||
| 852 | _aЦб 244167 | ||
| 852 | _aК 792/Г 38 К | ||
| 856 | 4 | _qpdf | |
| 856 | 4 | _qpdf | |
| 942 |
_cKNG _n0 _s1 _01 |
||
| 944 |
_aCR _c28.05.2009 _lРусанова Ирена _k30542 |
||
| 944 |
_aED _c12.02.2015 _lф / _kИрена_Линкова |
||
| 999 | _d85124 | ||